000 00279nam a22001097a 4500
999 _c251184
_d251184
020 _a9781849713931
100 _a Eva Wollenberg, Alison Nihart
245 _aClimate Change Mitigation and Agriculture
260 _aNew York
_bEarthScan
_c2012
300 _a419p
_bILL
942 _cBK